| 000 | 00594nam a2200205Ia 4500 | ||
|---|---|---|---|
| 008 | 160404s9999 xx 000 0 und d | ||
| 020 | _a971-896-603-X | ||
| 050 | _aFIL HF 5549 | ||
| 050 | _b.A23 2004 c.1 | ||
| 100 | _aAbasolo, Pacita Arguelles. | ||
| 245 | _aPersonnel/human resource management and labor relations / | ||
| 245 | _cPacita Arguelles Abasolo, Maria Anita Villanueva Ruiz. | ||
| 260 | _aManila : | ||
| 260 | _bGIC Enterprises,. Inc., | ||
| 260 | _c2004 | ||
| 300 | _a280 pages : | ||
| 300 | _billustrations ; | ||
| 300 | _c25 cm. | ||
| 650 | _aPersonnel management. | ||
| 999 |
_c293295 _d293295 |
||